Sudden Death - Finden Sie die bevölkerungsreichsten Länder - Statistiken

Allgemein
  • Dieses Quiz wurde 411 mal gespielt
  • Das Durchschnittsergebnis liegt bei 5 aus 13
Answers on the Grid
Answers color-coded by a green-red scale on the quiz's grid according to % correct below.
Montenegro🇲🇪
Albanien🇦🇱
Bosnien-Herzegowina🇧🇦
Serbien🇷🇸
Kroatien🇭🇷
Rumänien🇷🇴
Bulgarien🇧🇬
Ungarn🇭🇺
Simbabwe🇿🇼
Mosambik🇲🇿
El Salvador🇸🇻
Armenien🇦🇲
Georgien🇬🇪
Aserbaidschan🇦🇿
Jordanien🇯🇴
Panama🇵🇦
Slowakei🇸🇰
Bhutan🇧🇹
Philippinen🇵🇭
Israel🇮🇱
Libanon🇱🇧
Oman🇴🇲
Österreich🇦🇹
Lettland🇱🇻
Estland🇪🇪
Litauen🇱🇹
 
Antwortstatistiken
Antwort % Korrekt
Philippinen🇵🇭
81%
Rumänien🇷🇴
61%
Österreich🇦🇹
49%
Bulgarien🇧🇬
47%
Ungarn🇭🇺
46%
Mosambik🇲🇿
44%
Simbabwe🇿🇼
42%
Serbien🇷🇸
35%
Aserbaidschan🇦🇿
23%
Israel🇮🇱
22%
Jordanien🇯🇴
17%
Slowakei🇸🇰
13%
El Salvador🇸🇻
9%
Keine übereinstimmenden Quizze gefunden
Verteilung der Resultate
Anzahl Personen mit jedem Resultat
Perzentil nach korrekt beantworteten Fragen
Ihre Resultats-Entwicklung
Sie haben dieses Quiz noch nicht gespielt